[Event "HUN-chT2 Asztalos 1112"]
[Site "Hungary"]
[Date "2012.05.06"]
[Round "10.5"]
[White "Hoflinger, Istvan"]
[Black "Lodi, Laszlo"]
[Result "1-0"]
[WhiteElo "1924"]
[BlackElo "2038"]
[PlyCount "107"]
[EventDate "2011.09.25"]
[EventType "team-tourn"]
[EventRounds "11"]
[EventCountry "HUN"]
[SourceTitle "EXT 2013"]
[Source "ChessBase"]
[SourceDate "2012.11.22"]
[SourceVersion "1"]
[SourceVersionDate "2012.11.22"]
[SourceQuality "1"]
[WhiteTeam "Dunaujvaros"]
[BlackTeam "Dombovar"]
[WhiteTeamCountry "HUN"]
[BlackTeamCountry "HUN"]

1. d4 e6 2. c4 Nf6 3. Nc3 d5 4. Nf3 c6 5. e3 Bb4 6. Qc2 0-0 7. a3 Bd6 8. Bd3 Nbd7 9. cxd5 cxd5 10. 0-0 e5 11. dxe5 Nxe5 12. Nxe5 Bxe5 13. h3 d4 14. Ne4 Nxe4 15. Bxe4 Qh4 16. exd4 Bxd4 17. Qd3 Be5 18. Qf3 Rb8 19. Rb1 b6 20. b4 Be6 21. Bb2 Bxb2 22. Rxb2 Rbd8 23. Rc2 Rd4 24. Re1 Rfd8 25. Rcc1 g6 26. g4 R4d7 27. Kg2 Kg7 28. Qf4 Bd5 29. Bxd5 Rxd5 30. Rc7 R8d7 31. Re3 Qd8 32. Rec3 Qf6 33. Qc4 Rd4 34. Qa6 Rxc7 35. Rxc7 Rd2 36. Qf1 Qd6 37. Qc4 Qf6 38. Rxf7+ Qxf7 39. Qc3+ Qf6 40. Qxd2 Qc6+ 41. Kg3 Qc7+ 42. Qf4 Qc3+ 43. Qe3 Qc7+ 44. f4 a5 45. Qe5+ Qxe5 46. fxe5 axb4 47. axb4 b5 48. Kf4 h6 49. Ke4 Kf7 50. Kd5 Ke7 51. e6 h5 52. g5 h4 53. Ke5 Ke8 54. Kf6 1-0

[Event "HUN-chT2 Asztalos 1112"]
[Site "Hungary"]
[Date "2011.09.25"]
[Round "1.5"]
[White "Kota, Istvan"]
[Black "Lodi, Laszlo"]
[Result "0-1"]
[WhiteElo "2004"]
[BlackElo "2038"]
[PlyCount "74"]
[EventDate "2011.09.25"]
[EventType "team-tourn"]
[EventRounds "11"]
[EventCountry "HUN"]
[SourceTitle "EXT 2013"]
[Source "ChessBase"]
[SourceDate "2012.11.22"]
[SourceVersion "1"]
[SourceVersionDate "2012.11.22"]
[SourceQuality "1"]
[WhiteTeam "Marcali"]
[BlackTeam "Dombovar"]
[WhiteTeamCountry "HUN"]
[BlackTeamCountry "HUN"]

1. d4 Nf6 2. c4 e6 3. g3 d5 4. Nf3 Bb4+ 5. Bd2 Bxd2+ 6. Qxd2 dxc4 7. Na3 Ne4 8. Qc2 Nd6 9. Nxc4 Nxc4 10. Qxc4 Qd5 11. Qxc7 Nc6 12. Qf4 0-0 13. Qg5 Qxg5 14. Nxg5 Nxd4 15. Rc1 Bd7 16. Bg2 Bc6 17. Bxc6 Nxc6 18. 0-0 Rac8 19. Nf3 Rfd8 20. Rfd1 f6 21. Kf1 Kf7 22. Rxd8 Rxd8 23. e3 e5 24. e4 Ke6 25. a3 Rd3 26. Ke2 Rb3 27. Rc2 g5 28. g4 h5 29. h3 hxg4 30. hxg4 Nd4+ 31. Nxd4+ exd4 32. Rd2 Ke5 33. f3 b5 34. Kf2 a5 35. Ke2 a4 36. Kf2 Kf4 37. Kg2 Ke3 0-1

[Event "HUN-chT2 Asztalos 1011"]
[Site "Hungary"]
[Date "2011.05.01"]
[Round "10.4"]
[White "Lodi, Laszlo"]
[Black "Klimko, Csaba"]
[Result "0-1"]
[WhiteElo "2001"]
[BlackElo "2173"]
[PlyCount "76"]
[EventDate "2010.09.12"]
[EventType "team-tourn"]
[EventRounds "11"]
[EventCountry "HUN"]
[SourceTitle "EXT 2012"]
[Source "ChessBase"]
[SourceDate "2011.11.24"]
[SourceVersion "1"]
[SourceVersionDate "2011.11.24"]
[SourceQuality "1"]
[WhiteTeam "Dombovar"]
[BlackTeam "Dunajvaros"]
[WhiteTeamCountry "HUN"]
[BlackTeamCountry "HUN"]

1. e4 e5 2. Nf3 Nc6 3. Bc4 Nf6 4. Ng5 d5 5. exd5 Na5 6. Bb5+ c6 7. dxc6 bxc6 8. Be2 h6 9. Nf3 e4 10. Ne5 Qd4 11. f4 Bc5 12. Rf1 Qd8 13. c3 Nd5 14. Qa4 0-0 15. Nxc6 Qh4+ 16. g3 Qxh2 17. Qxa5 Qxg3+ 18. Kd1 Bg4 19. Qxc5 Bxe2+ 20. Kxe2 Qg4+ 21. Ke1 Nxf4 22. Rxf4 Qxf4 23. Qe3 Qd6 24. Nd4 f5 25. b3 f4 26. Qh3 Rf6 27. Ba3 Qe5 28. Bb2 e3 29. dxe3 fxe3 30. Na3 Qg5 31. Nf3 Qf4 32. Ke2 Rd8 33. Nc4 Qe4 34. Nd4 Rxd4 35. cxd4 Rf2+ 36. Ke1 Qd3 37. Qe6+ Kh7 38. Qg6+ Qxg6 0-1

[Event "HUN-chT2 Asztalos 1011"]
[Site "Hungary"]
[Date "2010.09.12"]
[Round "1.4"]
[White "Lodi, Laszlo"]
[Black "Botos, Ferenc"]
[Result "0-1"]
[WhiteElo "2001"]
[BlackElo "2163"]
[PlyCount "114"]
[EventDate "2010.09.12"]
[EventType "team-tourn"]
[EventRounds "11"]
[EventCountry "HUN"]
[SourceTitle "EXT 2012"]
[Source "ChessBase"]
[SourceDate "2011.11.24"]
[SourceVersion "1"]
[SourceVersionDate "2011.11.24"]
[SourceQuality "1"]
[WhiteTeam "Dombovar"]
[BlackTeam "Fehervar"]
[WhiteTeamCountry "HUN"]
[BlackTeamCountry "HUN"]

1. e4 e6 2. d4 d5 3. Nc3 dxe4 4. f3 exf3 5. Nxf3 Nf6 6. Bg5 Be7 7. Bd3 Nbd7 8. 0-0 h6 9. Bh4 b6 10. Bb5 0-0 11. Bc6 Rb8 12. Qe2 Bb7 13. Qc4 Bxc6 14. Qxc6 a6 15. Bg3 Rc8 16. Qb7 Nb8 17. Rad1 Nd5 18. Nxd5 Qxd5 19. Qxd5 exd5 20. Rd3 Nd7 21. Re1 Bf6 22. Ne5 Bxe5 23. dxe5 c6 24. e6 fxe6 25. Rde3 Rf6 26. Rxe6 Rxe6 27. Rxe6 Kf7 28. Re2 Re8 29. Rf2+ Nf6 30. h3 Re6 31. Kf1 g5 32. Bc7 c5 33. c3 Kg6 34. Bd8 h5 35. Rd2 h4 36. Kg1 Re1+ 37. Kf2 Re5 38. Kg1 Ne4 39. Rd3 b5 40. g4 hxg3 41. Bc7 Rf5 42. Bxg3 Nxg3 43. Rxg3 Rf4 44. Re3 Re4 45. Rd3 d4 46. Kf1 Kf5 47. cxd4 Rxd4 48. Rc3 c4 49. Rc2 Rd3 50. Kg2 Ke4 51. a4 Kd4 52. axb5 axb5 53. Rf2 b4 54. h4 gxh4 55. Rf4+ Kc5 56. Rxh4 Rd2+ 57. Kf3 b3 0-1

[Event "HUN-chT2 Asztalos 0910"]
[Site "Hungary"]
[Date "2009.12.20"]
[Round "4"]
[White "Nemeth, Miklos"]
[Black "Lodi, Laszlo"]
[Result "1-0"]
[WhiteElo "2472"]
[BlackElo "1992"]
[PlyCount "41"]
[EventDate "2009.11.08"]
[EventType "team-tourn"]
[EventRounds "11"]
[EventCountry "HUN"]
[SourceTitle "EXT 2011"]
[Source "ChessBase"]
[SourceDate "2010.11.26"]
[SourceVersion "1"]
[SourceVersionDate "2010.11.26"]
[SourceQuality "1"]
[WhiteTeam "Dunaujvaros"]
[BlackTeam "Dombovar"]
[WhiteTeamCountry "HUN"]
[BlackTeamCountry "HUN"]

1. e4 e6 2. d4 d5 3. Nc3 Bb4 4. a3 Bxc3+ 5. bxc3 dxe4 6. Qg4 Qf6 7. Qxe4 Ne7 8. Bd3 Nd7 9. Nf3 h6 10. Rb1 Nf5 11. Bf4 Nd6 12. Qe3 Nb6 13. Be5 Qe7 14. Bxg7 Rg8 15. Qxh6 Nf5 16. Bxf5 exf5+ 17. Kf1 Be6 18. Bf6 Qxa3 19. Re1 Qxc3 20. Qh7 Rg6 21. Rxe6+ 1-0

[Event "HUN-chT2 Asztalos 0910"]
[Site "Hungary"]
[Date "2009.11.22"]
[Round "2"]
[White "Varga, Ferenc"]
[Black "Lodi, Laszlo"]
[Result "1-0"]
[WhiteElo "1911"]
[BlackElo "1992"]
[PlyCount "93"]
[EventDate "2009.11.08"]
[EventType "team-tourn"]
[EventRounds "11"]
[EventCountry "HUN"]
[SourceTitle "EXT 2011"]
[Source "ChessBase"]
[SourceDate "2010.11.26"]
[SourceVersion "1"]
[SourceVersionDate "2010.11.26"]
[SourceQuality "1"]
[WhiteTeam "Baja"]
[BlackTeam "Dombovar"]
[WhiteTeamCountry "HUN"]
[BlackTeamCountry "HUN"]

1. d4 Nf6 2. c4 d5 3. cxd5 Bf5 4. Nc3 Nxd5 5. Qb3 Nb6 6. e4 Bg6 7. Nf3 e6 8. Be3 N8d7 9. Be2 Be7 10. 0-0 0-0 11. Rfd1 c6 12. a4 a5 13. Rac1 Bb4 14. Ne5 Nxe5 15. dxe5 Qc7 16. f4 Nd7 17. Nb5 Qd8 18. Nd6 Qc7 19. Bf3 h6 20. Bd4 Bxd6 21. exd6 Qc8 22. e5 Re8 23. Rc3 Qb8 24. Rdc1 Rc8 25. Qd1 Kh8 26. Qe2 Re8 27. Qe3 Qd8 28. Rb3 Qc8 29. Bb6 Nxb6 30. Qxb6 Rb8 31. Qxa5 Rd8 32. Qb6 Qd7 33. Ra3 f6 34. b4 fxe5 35. fxe5 Rf8 36. b5 Qf7 37. Qe3 cxb5 38. axb5 Rfc8 39. Rac3 Qd7 40. b6 Rxc3 41. Qxc3 Qa4 42. Qc7 Qd4+ 43. Kh1 Rf8 44. Qxb7 Qxe5 45. d7 Qd6 46. Qc7 Qd3 47. b7 1-0

[Event "HUN-chT2 Asztalos 0809"]
[Site "Hungary"]
[Date "2009.04.05"]
[Round "10"]
[White "Bogar, Peter"]
[Black "Lodi, Laszlo"]
[Result "0-1"]
[WhiteElo "1955"]
[BlackElo "1991"]
[PlyCount "96"]
[EventDate "2008.10.26"]
[EventType "team-tourn"]
[EventRounds "11"]
[EventCountry "HUN"]
[SourceTitle "EXT 2010"]
[Source "ChessBase"]
[SourceDate "2010.11.25"]
[SourceVersion "1"]
[SourceVersionDate "2010.11.25"]
[SourceQuality "1"]
[WhiteTeam "Szekszard/Decs II"]
[BlackTeam "Tamasi Szabadido"]
[WhiteTeamCountry "HUN"]
[BlackTeamCountry "HUN"]

1. e4 e6 2. d4 d5 3. Nd2 c5 4. Ngf3 Nc6 5. Bb5 a6 6. Bxc6+ bxc6 7. 0-0 Bb7 8. c3 cxd4 9. cxd4 Nf6 10. Re1 Be7 11. Qa4 0-0 12. e5 Nd7 13. Nb3 c5 14. Na5 Qc7 15. Bf4 cxd4 16. Rac1 Nc5 17. Nxb7 Qxb7 18. Qxd4 Rac8 19. b4 Nd7 20. a3 a5 21. Bd2 Nb6 22. bxa5 Nc4 23. Rb1 Qc7 24. a6 Bc5 25. Qh4 Nxd2 26. Nxd2 Qa7 27. Rb7 Qxa6 28. Reb1 Bxa3 29. Rd7 Rc1+ 30. Rxc1 Bxc1 31. Rd8 Ba3 32. g3 Qe2 33. Rxf8+ Bxf8 34. Qd4 g6 35. Kg2 Bg7 36. Nf3 h6 37. h4 Qc4 38. Qb6 Qe4 39. Qd8+ Kh7 40. Qc7 Qf5 41. Qd6 g5 42. hxg5 hxg5 43. Qc7 g4 44. Nh4 Bxe5 45. Qb7 Qf6 46. Qb1+ Kg8 47. f4 Bxf4 48. gxf4 Qxh4 0-1

[Event "HUN-chT2 Asztalos 0809"]
[Site "Hungary"]
[Date "2008.11.30"]
[Round "3"]
[White "Pais, Nimrod"]
[Black "Lodi, Laszlo"]
[Result "1/2-1/2"]
[WhiteElo "2059"]
[BlackElo "1991"]
[PlyCount "147"]
[EventDate "2008.10.26"]
[EventType "team-tourn"]
[EventRounds "11"]
[EventCountry "HUN"]
[SourceTitle "EXT 2010"]
[Source "ChessBase"]
[SourceDate "2010.11.25"]
[SourceVersion "1"]
[SourceVersionDate "2010.11.25"]
[SourceQuality "1"]
[WhiteTeam "Fehervar"]
[BlackTeam "Tamasi Szabadido"]
[WhiteTeamCountry "HUN"]
[BlackTeamCountry "HUN"]

1. d4 d5 2. Nf3 Nf6 3. e3 e6 4. Bd3 c5 5. c3 Nc6 6. Nbd2 Bd7 7. Ne5 Bd6 8. f4 cxd4 9. exd4 0-0 10. 0-0 Qb6 11. Kh1 Ne7 12. Qe2 Bc6 13. b4 a6 14. a4 Qc7 15. Bb2 Bd7 16. Qf3 g6 17. g4 Ne8 18. Nxd7 Qxd7 19. f5 exf5 20. gxf5 Nf6 21. Rf2 Kg7 22. a5 Nxf5 23. Rg1 Kh8 24. Bxf5 Qxf5 25. Qxf5 gxf5 26. Rxf5 Be7 27. Nf3 Rg8 28. Rf1 Kg7 29. Ne5 Rad8 30. Bc1 h6 31. Rg1+ Kh7 32. Rgf1 Rd6 33. Nxf7 Re6 34. Ne5 Rg7 35. Bd2 Ne4 36. Be1 Bf6 37. Nd3 Rg5 38. R5f3 Rc6 39. Nc5 Nxc5 40. bxc5 Rg6 41. Bd2 Re6 42. R3f2 Kg7 43. Bf4 h5 44. Rb2 Re7 45. Rfb1 Rg4 46. Bd6 Re3 47. Rxb7+ Kg6 48. R7b6 Kg5 49. R6b3 Bd8 50. c6 Bxa5 51. c7 Bxc7 52. Bxc7 Kf5 53. Ba5 Rg6 54. Rf1+ Ke4 55. Rbb1 Kd3 56. Rbe1 Rxe1 57. Rxe1 Kc4 58. Rb1 Re6 59. Kg2 Re2+ 60. Kg3 Ra2 61. Bb6 Kxc3 62. h4 a5 63. Rb5 a4 64. Rxd5 a3 65. Bc5 Kc4 66. Rxh5 Ra1 67. Bxa3 Rxa3+ 68. Kf4 Kxd4 69. Rg5 Ra1 70. Kf5 Kd5 71. Kg6+ Ke6 72. Rg4 Ra8 73. Rb4 Rg8+ 74. Kh7 1/2-1/2

[Event "HUN-chT2 Asztalos 0708"]
[Site "Hungary"]
[Date "2008.04.27"]
[Round "10"]
[White "Lodi, Laszlo"]
[Black "Kiss, Arpad"]
[Result "1/2-1/2"]
[WhiteElo "2015"]
[BlackElo "2192"]
[PlyCount "27"]
[EventDate "2007.10.14"]
[EventType "team"]
[EventRounds "11"]
[EventCountry "HUN"]
[SourceTitle "EXT 2009"]
[Source "ChessBase"]
[SourceDate "2008.11.26"]
[SourceVersion "1"]
[SourceVersionDate "2008.11.26"]
[SourceQuality "1"]
[WhiteTeam "Koppany"]
[BlackTeam "Mohacs"]
[WhiteTeamCountry "HUN"]
[BlackTeamCountry "HUN"]

1. e4 e6 2. d4 d5 3. Nc3 dxe4 4. Nxe4 Nd7 5. Nf3 Ngf6 6. Nxf6+ Nxf6 7. Bb5+ c6 8. Bd3 h6 9. 0-0 Bd6 10. c3 Qc7 11. h3 Bd7 12. Re1 0-0-0 13. Ne5 Be8 14. Qf3 1/2-1/2

[Event "HUN-chT2 Asztalos 0708"]
[Site "Hungary"]
[Date "2007.12.16"]
[Round "5"]
[White "Kiss, Zoltan"]
[Black "Lodi, Laszlo"]
[Result "0-1"]
[WhiteElo "2214"]
[BlackElo "2015"]
[PlyCount "62"]
[EventDate "2007.10.14"]
[EventType "team"]
[EventRounds "11"]
[EventCountry "HUN"]
[SourceTitle "EXT 2009"]
[Source "ChessBase"]
[SourceDate "2008.11.26"]
[SourceVersion "1"]
[SourceVersionDate "2008.11.26"]
[SourceQuality "1"]
[WhiteTeam "Szenna Pack II"]
[BlackTeam "Koppany"]
[WhiteTeamCountry "HUN"]
[BlackTeamCountry "HUN"]

1. d4 Nf6 2. Nf3 d5 3. Bf4 e6 4. e3 c5 5. c3 Nc6 6. h3 Bd6 7. Bxd6 Qxd6 8. Bb5 Bd7 9. Nbd2 0-0 10. 0-0 Nxd4 11. Nxd4 cxd4 12. Bxd7 dxe3 13. Ba4 exd2 14. Qxd2 Ne4 15. Qe2 Qb6 16. Kh2 Rac8 17. Rad1 f5 18. Rd4 Rf6 19. f4 Kh8 20. Rb4 Qc7 21. Bc2 g5 22. g3 Rg8 23. Bxe4 fxe4 24. fxg5 Rxg5 25. Rg1 Rf3 26. Qe1 e3 27. h4 Rg6 28. Rg2 e5 29. Qd1 e4 30. Qxd5 Rfxg3 31. Qd4+ Rg7 0-1

[Event "HUN-chT2 Asztalos 0708"]
[Site "Hungary"]
[Date "2007.12.09"]
[Round "4"]
[White "Szabo, Bence"]
[Black "Lodi, Laszlo"]
[Result "1-0"]
[WhiteElo "2131"]
[BlackElo "2015"]
[PlyCount "73"]
[EventDate "2007.10.14"]
[EventType "team"]
[EventRounds "11"]
[EventCountry "HUN"]
[SourceTitle "EXT 2009"]
[Source "ChessBase"]
[SourceDate "2008.11.26"]
[SourceVersion "1"]
[SourceVersionDate "2008.11.26"]
[SourceQuality "1"]
[WhiteTeam "Paks ASE"]
[BlackTeam "Koppany"]
[WhiteTeamCountry "HUN"]
[BlackTeamCountry "HUN"]

1. d4 Nf6 2. c4 g6 3. Nc3 Bg7 4. e4 d6 5. Bd3 Nbd7 6. Nge2 c5 7. d5 Ne5 8. 0-0 e6 9. Ng3 Nfg4 10. Be2 Qh4 11. h3 h5 12. Nb5 Bd7 13. dxe6 Bxb5 14. cxb5 Ke7 15. Qd5 fxe6 16. Qd2 Nf7 17. Qe1 Bd4 18. Kh1 Qf6 19. f4 Nf2+ 20. Rxf2 Bxf2 21. Qxf2 e5 22. Bc4 g5 23. Nf5+ Kd7 24. fxg5 Nxg5 25. Bxg5 Qxg5 26. Rd1 Raf8 27. Rxd6+ Kc7 28. Qxc5+ Kb8 29. Qxe5 Ka8 30. Rd1 Re8 31. Qc3 Rhf8 32. Bd5 Rc8 33. Qd2 Qf6 34. Nd6 Rc7 35. Nxb7 Rxb7 36. Bxb7+ Kxb7 37. Qd7+ 1-0

[Event "HUN-chT2 Asztalos 0708"]
[Site "Hungary"]
[Date "2007.11.11"]
[Round "2"]
[White "Lodi, Laszlo"]
[Black "Gyorke, Zoltan"]
[Result "0-1"]
[WhiteElo "2015"]
[BlackElo "2127"]
[PlyCount "86"]
[EventDate "2007.10.14"]
[EventType "team"]
[EventRounds "11"]
[EventCountry "HUN"]
[SourceTitle "EXT 2009"]
[Source "ChessBase"]
[SourceDate "2008.11.26"]
[SourceVersion "1"]
[SourceVersionDate "2008.11.26"]
[SourceQuality "1"]
[WhiteTeam "Koppany"]
[BlackTeam "Komlo Banyasz"]
[WhiteTeamCountry "HUN"]
[BlackTeamCountry "HUN"]

1. e4 c6 2. d4 d5 3. e5 Bf5 4. g4 Bg6 5. h4 h6 6. h5 Bh7 7. e6 fxe6 8. Bd3 Bxd3 9. Qxd3 Nf6 10. Bf4 Qa5+ 11. Bd2 Qb6 12. Nc3 Nbd7 13. Qg6+ Kd8 14. Nf3 c5 15. Na4 Qb5 16. Nxc5 Nxc5 17. dxc5 Qxb2 18. Rd1 Qa3 19. Nd4 Qa4 20. Nxe6+ Kd7 21. f3 Kxe6 22. Qf5+ Kf7 23. g5 hxg5 24. Qg6+ Ke6 25. Bc3 Qf4 26. Kf2 Rh6 27. Qd3 Ne4+ 28. Ke2 Nxc3+ 29. Qxc3 Qc4+ 30. Qxc4 dxc4 31. Rb1 Kd5 32. Rxb7 Kxc5 33. Rhb1 Rb6 34. Rc7+ Kd6 35. Rxb6+ axb6 36. Rxc4 e5 37. a4 Be7 38. Kd3 Rh8 39. Rb4 Kc6 40. Rb5 Bc5 41. Ke4 Rxh5 42. Kxe5 g4+ 43. Ke4 g3 0-1

[Event "HUN-chT2 Asztalos 0607"]
[Site "Hungary"]
[Date "2007.02.18"]
[Round "5"]
[White "Drinoczi, Peter"]
[Black "Lodi, Laszlo"]
[Result "0-1"]
[WhiteElo "2083"]
[BlackElo "2023"]
[PlyCount "48"]
[EventDate "2006.11.12"]
[EventType "team"]
[EventRounds "11"]
[EventCountry "HUN"]
[SourceTitle "EXT 2008"]
[Source "ChessBase"]
[SourceDate "2007.11.25"]
[SourceVersion "1"]
[SourceVersionDate "2007.11.25"]
[SourceQuality "1"]
[WhiteTeam "Pannonpower II"]
[BlackTeam "Koppany"]
[WhiteTeamCountry "HUN"]
[BlackTeamCountry "HUN"]

1. e4 e6 2. d4 d5 3. e5 Bd7 4. Nf3 c5 5. c3 Nc6 6. Be2 Nge7 7. Na3 cxd4 8. cxd4 Ng6 9. Nb5 a6 10. Nc3 Qc7 11. 0-0 f6 12. Re1 fxe5 13. dxe5 Bb4 14. Bd3 0-0 15. Ng5 Ncxe5 16. Qh5 h6 17. Bxg6 Nxg6 18. Qxg6 hxg5 19. Bxg5 Bxc3 20. bxc3 Qxc3 21. Rad1 Rac8 22. Re3 Qc2 23. Qd3 Qxf2+ 24. Kh1 Bb5 0-1

[Event "HUN-chT2 Asztalos 0607"]
[Site "Hungary"]
[Date "2006.12.17"]
[Round "4"]
[White "Kohalmi, Endre Jr"]
[Black "Lodi, Laszlo"]
[Result "1/2-1/2"]
[WhiteElo "2075"]
[BlackElo "2023"]
[PlyCount "32"]
[EventDate "2006.11.12"]
[EventType "team"]
[EventRounds "11"]
[EventCountry "HUN"]
[SourceTitle "EXT 2008"]
[Source "ChessBase"]
[SourceDate "2007.11.25"]
[SourceVersion "1"]
[SourceVersionDate "2007.11.25"]
[SourceQuality "1"]
[WhiteTeam "Komlo Banyasz"]
[BlackTeam "Koppany"]
[WhiteTeamCountry "HUN"]
[BlackTeamCountry "HUN"]

1. d4 e6 2. c4 d5 3. Nc3 Nf6 4. Bg5 Be7 5. e3 c6 6. Qc2 dxc4 7. Bxc4 Nd5 8. Bxe7 Qxe7 9. Nf3 Nd7 10. a3 0-0 11. Bd3 N5f6 12. Rg1 e5 13. g4 exd4 14. g5 dxc3 15. gxf6 Nxf6 16. Qxc3 g6 1/2-1/2

[Event "HUN-chT2 Asztalos 0506"]
[Site "Hungary"]
[Date "2006.01.22"]
[Round "6"]
[White "Lodi, Laszlo"]
[Black "Somorai, Zsolt"]
[Result "0-1"]
[WhiteElo "2034"]
[BlackElo "2134"]
[PlyCount "40"]
[EventDate "2005.10.16"]
[EventType "team"]
[EventRounds "11"]
[EventCountry "HUN"]
[SourceTitle "EXT 2009"]
[Source "ChessBase"]
[SourceDate "2008.11.26"]
[SourceVersion "1"]
[SourceVersionDate "2008.11.26"]
[SourceQuality "1"]
[WhiteTeam "Koppany"]
[BlackTeam "OK Travel"]
[WhiteTeamCountry "HUN"]
[BlackTeamCountry "HUN"]

1. e4 d6 2. d4 Nf6 3. Nc3 g6 4. Be3 Bg7 5. Be2 0-0 6. h4 h5 7. f3 c6 8. g4 Qb6 9. Rb1 Qc7 10. Bg5 hxg4 11. fxg4 Nh7 12. Be3 b5 13. b4 a5 14. g5 axb4 15. Rxb4 d5 16. exd5 Qg3+ 17. Kd2 c5 18. dxc5 Bxc3+ 19. Kxc3 Qxe3+ 20. Kb2 Qa3+ 0-1

[Event "HUN-chT2 Asztalos 0506"]
[Site "Hungary"]
[Date "2005.11.27"]
[Round "4"]
[White "Lodi, Laszlo"]
[Black "Rajnai, Istvan"]
[Result "1/2-1/2"]
[WhiteElo "2034"]
[BlackElo "1982"]
[PlyCount "43"]
[EventDate "2005.10.16"]
[EventType "team"]
[EventRounds "11"]
[EventCountry "HUN"]
[SourceTitle "EXT 2009"]
[Source "ChessBase"]
[SourceDate "2008.11.26"]
[SourceVersion "1"]
[SourceVersionDate "2008.11.26"]
[SourceQuality "1"]
[WhiteTeam "Koppany"]
[BlackTeam "Bajai"]
[WhiteTeamCountry "HUN"]
[BlackTeamCountry "HUN"]

1. d4 Nf6 2. Nc3 d5 3. Bg5 Nbd7 4. Nf3 h6 5. Bh4 e6 6. e3 Be7 7. Bg3 a6 8. Be2 c5 9. 0-0 0-0 10. Ne5 cxd4 11. exd4 Re8 12. f4 Nf8 13. Bh5 g6 14. Be2 Ne4 15. Rf3 f6 16. Ng4 h5 17. Nf2 f5 18. Nd3 Nd7 19. Bf2 Kh7 20. Rh3 h4 21. Qe1 Nxf2 22. Qxf2 1/2-1/2

[Event "HUN-chT2 Asztalos 0506"]
[Site "Hungary"]
[Date "2005.10.30"]
[Round "2"]
[White "Kohalmi, Endre Jr"]
[Black "Lodi, Laszlo"]
[Result "0-1"]
[WhiteElo "2011"]
[BlackElo "2034"]
[PlyCount "50"]
[EventDate "2005.10.16"]
[EventType "team"]
[EventRounds "11"]
[EventCountry "HUN"]
[SourceTitle "EXT 2009"]
[Source "ChessBase"]
[SourceDate "2008.11.26"]
[SourceVersion "1"]
[SourceVersionDate "2008.11.26"]
[SourceQuality "1"]
[WhiteTeam "Komlo Banyasz"]
[BlackTeam "Koppany"]
[WhiteTeamCountry "HUN"]
[BlackTeamCountry "HUN"]

1. d4 Nf6 2. c4 d5 3. Nc3 e6 4. Bg5 Be7 5. e3 0-0 6. cxd5 Nxd5 7. Bxe7 Qxe7 8. e4 Nxc3 9. bxc3 c5 10. Be2 cxd4 11. cxd4 Rd8 12. Nf3 Nc6 13. 0-0 Qd6 14. Qb3 Nxd4 15. Nxd4 Qxd4 16. Rfd1 Qf6 17. Rxd8+ Qxd8 18. Rd1 Qe7 19. Qd3 g6 20. Qd8+ Qxd8 21. Rxd8+ Kg7 22. Bb5 Kf6 23. Bd7 Bxd7 24. Rxa8 a6 25. f3 Ke7 0-1

[Event "HUN-chT2 Asztalos 0405"]
[Site "Hungary"]
[Date "2005.01.23"]
[Round "6"]
[White "Raba, Rudolf"]
[Black "Lodi, Laszlo"]
[Result "1/2-1/2"]
[WhiteElo "2080"]
[BlackElo "2049"]
[PlyCount "97"]
[EventDate "2004.09.26"]
[EventType "team"]
[EventRounds "11"]
[EventCountry "HUN"]
[SourceTitle "EXT 2009"]
[Source "ChessBase"]
[SourceDate "2008.11.26"]
[SourceVersion "1"]
[SourceVersionDate "2008.11.26"]
[SourceQuality "1"]
[WhiteTeam "Fehervar"]
[BlackTeam "Koppany"]
[WhiteTeamCountry "HUN"]
[BlackTeamCountry "HUN"]

1. d4 Nf6 2. Nf3 d5 3. Bg5 e6 4. e3 Be7 5. Bd3 c5 6. c3 Nc6 7. Nbd2 Bd7 8. 0-0 cxd4 9. exd4 0-0 10. Re1 Qc7 11. Ne5 h6 12. Bh4 Nh7 13. Bxe7 Nxe7 14. Nxd7 Qxd7 15. Nf3 Nc6 16. Qe2 a6 17. Rad1 Rae8 18. Bb1 f5 19. Rd3 Rf6 20. Re3 g5 21. Ne5 Nxe5 22. Rxe5 Kf8 23. Qh5 Qf7 24. Qxf7+ Kxf7 25. g4 Nf8 26. gxf5 Rd8 27. fxe6+ Rxe6 28. Rxe6 Nxe6 29. Bf5 Nf4 30. Re5 Rd6 31. h3 Kf6 32. Bc8 b5 33. Kh2 a5 34. Kg3 b4 35. Re3 bxc3 36. bxc3 Rc6 37. Bb7 Rxc3 38. Rxc3 Ne2+ 39. Kf3 Nxc3 40. Ke3 Ke6 41. a3 Kd6 42. Kd3 Nd1 43. Ke2 Nb2 44. Ba6 Nc4 45. a4 Nb6 46. Bb5 Nd7 47. Bd3 Nf6 48. Kf3 Ke6 49. Bg6 1/2-1/2

[Event "HUN-chT2 Asztalos 0304"]
[Site "Hungary"]
[Date "2004.02.22"]
[Round "8"]
[White "Lodi, Laszlo"]
[Black "Talaber, Istvan"]
[Result "1-0"]
[WhiteElo "2069"]
[BlackElo "1933"]
[PlyCount "101"]
[EventDate "2003.08.29"]
[EventType "team"]
[EventRounds "11"]
[EventCountry "HUN"]
[SourceTitle "EXT 2009"]
[Source "ChessBase"]
[SourceDate "2008.11.26"]
[SourceVersion "1"]
[SourceVersionDate "2008.11.26"]
[SourceQuality "1"]
[WhiteTeam "Koppany"]
[BlackTeam "Pecs Karmin"]
[WhiteTeamCountry "HUN"]
[BlackTeamCountry "HUN"]

1. d4 Nf6 2. Nc3 g6 3. e4 d6 4. Bg5 Bg7 5. Be2 0-0 6. Qd2 Nbd7 7. h4 c5 8. d5 Qa5 9. h5 gxh5 10. Bxh5 Nxh5 11. Rxh5 Qb4 12. 0-0-0 Ne5 13. a3 Qa5 14. Nce2 Qxd2+ 15. Bxd2 Bg4 16. Rh1 Nc4 17. c3 Ne5 18. Kc2 Bd7 19. Ng3 c4 20. Rf1 f5 21. Nxf5 Bxf5 22. exf5 Rxf5 23. Rh4 b5 24. Ne2 Ng6 25. Rh3 Raf8 26. Be3 a6 27. Rfh1 Rxd5 28. Rxh7 Rf7 29. Ng3 Nf8 30. R7h5 Rxh5 31. Rxh5 Ne6 32. a4 Be5 33. Nf5 Kf8 34. axb5 axb5 35. Nh4 Ke8 36. Nf3 Ng7 37. Rh8+ Rf8 38. Rxf8+ Kxf8 39. Nxe5 dxe5 40. Bh6 Kf7 41. Bxg7 Kxg7 42. Kd2 Kf6 43. Ke3 Kf5 44. f3 e6 45. g4+ Kg5 46. Ke4 Kf6 47. g5+ Kxg5 48. Kxe5 Kh4 49. Kxe6 Kg3 50. Kd5 Kxf3 51. Kc5 1-0